Health internetwork access to research initiative
保存先:
| フォーマット: | 図書 |
|---|---|
| 言語: | Undetermined |
| 出版事項: |
Thành phố Hồ Chí Minh
Thư viện ĐHYD Thành phố Hồ Chí Minh
|
| 主題: | |
| タグ: |
タグ追加
タグなし, このレコードへの初めてのタグを付けませんか!
|
| Thư viện lưu trữ: | Trung tâm Học liệu Trường Đại học Cần Thơ |
|---|
| LEADER | 00512nam a2200145Ia 4500 | ||
|---|---|---|---|
| 001 | CTU_103439 | ||
| 008 | 210402s9999 xx 000 0 und d | ||
| 082 | |a 613 | ||
| 082 | |b H434 | ||
| 245 | 0 | |a Health internetwork access to research initiative | |
| 260 | |a Thành phố Hồ Chí Minh | ||
| 260 | |b Thư viện ĐHYD Thành phố Hồ Chí Minh | ||
| 650 | |a Health,Information network,Information services,Public health | ||
| 904 | |i Truc | ||
| 980 | |a Trung tâm Học liệu Trường Đại học Cần Thơ | ||